| 000 | 00351cam a2200145ua 4500 | ||
|---|---|---|---|
| 041 |
_aeng _h |
||
| 082 |
_a828.09 _bSUT/DE |
||
| 100 | _aSutherland, James . | ||
| 245 |
_aDefore / _cJames Sutherland. _hTextual Documents |
||
| 260 |
_aLondon : _bLongman Green and Co , _c1956. |
||
| 300 | _a36 ; . | ||
| 504 | _a | ||
| 942 | _cBK | ||
| 999 |
_c8881 _d8881 |
||